Statistics for German Place Words Quiz

Click here to take the quiz!

General Stats

  • This quiz has been taken 77 times
  • The average score is 18 of 24

Answer Stats

GermanEnglish% Correct
Polizeiwachepolice station
92%
Stadionstadium
92%
Straßestreet
92%
Supermarktsupermarket
92%
Bibliotheklibrary
90%
Schuleschool
90%
Flughafenairport
83%
Kirchechurch
83%
Postpost office
83%
Krankenhaushospital
80%
Bahnhofrailway station
78%
Kinocinema
77%
Bäckereibakery
73%
Apothekepharmacy
72%
Bürooffice
68%
Brückebridge
67%
Platzsquare
67%
Schlosscastle
63%
Fabrikfactory
60%
Rathaustown hall
58%
Einkaufszentrumshopping centre
53%
Hafenport
48%
Kneipepub
47%
Domcathedral
45%

Score Distribution

Percentile by Number Answered

Percent of People with Each Score

Your Score History

You have not taken this quiz